| 000 | 01358cam a22003737a 4500 | ||
|---|---|---|---|
| 003 | CHAP | ||
| 005 | 20220817043940.0 | ||
| 008 | 040615d2003 mx a r 00110 spa d | ||
| 010 | _a88503 | ||
| 011 | _a89475 | ||
| 035 | _a100026 | ||
| 040 | _cCHAP | ||
| 090 | _aTesis | ||
| 100 | 0 | 0 |
_aRodríguez Cabrera, Ever. _998346 |
| 245 | 1 | 0 |
_aEvaluación de aspectos técnicos y financieros en proyectos productivos de huevo para plato _c/por Ever Rodríguez Cabrera y Jacobo Rodríguez Quiróz |
| 260 |
_aChapingo, Méx. : _bEl autor, _c2003. |
||
| 300 |
_a102 h. : _bilus. |
||
| 502 | _aTesis (Ing. Agr. Esp. en Zootecnia) -- UACH. Departamento de Zootecnia | ||
| 590 |
_aALEPH _b10 _c20130110 _lUCH01 _h1459 |
||
| 590 |
_aBATCH-UPD _b10 _c20130110 _lUCH01 _h0427 |
||
| 590 |
_aBATCH-UPD _b10 _c20130410 _lUCH01 _h0102 |
||
| 590 |
_aBATCH-UPD _b10 _c20130914 _lUCH01 _h0451 |
||
| 590 |
_aCONVERSION _b10 _c20130109 _lUCH01 _h1349 |
||
| 650 | 1 | 4 |
_aAves de corral _xAlimentación. _98638 |
| 650 | 1 | 4 | _aAvicultura. |
| 650 | 1 | 4 |
_aHuevos _xAspectos económicos. _956740 |
| 650 | 1 | 4 |
_aHuevos _xProducción. _956759 |
| 700 | 0 | 0 |
_aRodríguez Quiróz, Jacobo. _998805 |
| 901 | _aBK | ||
| 905 | _aAlejandra Carrasco M. | ||
| 942 | _cFOLL | ||
| 949 |
_aTesis _bBC _cTES _d1000261 _eTS1 _h42058 _i100026 _sb |
||
| 949 |
_aTesis _bBC _cTES _d33724000794681 _eTS2 _fc.2 _h42059 _i100026 _si |
||
| 999 |
_c88503 _d88503 |
||